|
|
|
|
| LEADER |
00000naa2a2200000 4500 |
| 001 |
183471 |
| 005 |
20260113115010.0 |
| 035 |
|
|
|a (RuTPU)RU\TPU\book\198884
|
| 090 |
|
|
|a 183471
|
| 100 |
|
|
|a 20100722d2004 k y0rusy50 ca
|
| 101 |
0 |
|
|a rus
|
| 102 |
|
|
|a RU
|
| 200 |
1 |
|
|a Тестирование как одна из форм контроля знаний студентов
|f Е. А. Склярова, И. Н. Шурашкевич
|
| 320 |
|
|
|a Библиогр.: 3 назв.
|
| 461 |
|
1 |
|0 (RuTPU)RU\TPU\book\66154
|t Современные техника и технологии
|o X Юбилейная международная научно-практическая конференция студентов, аспирантов и молодых ученых, посвященная 400-летию г. Томска, Томск, 29 марта - 2 апреля 2004 г.
|o труды
|f Томский политехнический университет
|d 2004
|
| 463 |
|
1 |
|0 (RuTPU)RU\TPU\book\65883
|t Т. 2
|v С. 351-352
|d 2004
|
| 610 |
1 |
|
|a студенты
|
| 610 |
1 |
|
|a знания
|
| 610 |
1 |
|
|a тестирование
|
| 610 |
1 |
|
|a контроль
|
| 610 |
1 |
|
|a труды учёных ТПУ
|
| 700 |
|
1 |
|a Склярова
|b Е. А.
|c физик
|c доцент Томского политехнического университета, кандидат педагогических наук
|f 1972-
|g Елена Александровна
|3 (RuTPU)RU\TPU\pers\24507
|9 10826
|
| 701 |
|
1 |
|a Шурашкевич
|b И. Н.
|
| 801 |
|
1 |
|a RU
|b 63413507
|c 20100722
|
| 801 |
|
2 |
|a RU
|b 63413507
|c 20140329
|g RCR
|
| 942 |
|
|
|c BK
|